000 00638 a2200205 4500
005 20260218125249.0
008 260218b |||||||| |||| 00| 0 eng d
020 _a9789392757945
_cरु 159.00
040 _aMAIN
082 _a891.43301741
_bRS13N
100 _aराय, सारा
110 _a
245 _aनबीला और अन्य कहानियाँ
250 _aLatest edition
260 _bराजकमल प्रकाशन
_c2022
_aदिल्ली
300 _a159
650 _aहिन्दी साहित्य
651 _aकहानी-सग्रंह
942 _cHN
999 _c393989
_d393989